One-Word Movies (2011) Quiz Stats

 Plays Quiz Updated Jun 20, 2012

Challenge
Share
Tweet
Embed
Score 0/26 Timer 04:00
0 Plays Today
Tagline Movie % Correct
What are you really worth? Moneyball
67.7%
Two worlds. One heroThor
67.6%
Save the dateBridesmaids
63.1%
Meet the world's only loveable billionaire.Arthur
57.8%
From the director of Pirates of the CaribbeanRango
56.7%
What if a pill could make you rich and powerful? Limitless
55.4%
Get in. Get out. Get away.Drive
49.9%
Welcome to his jungleZookeeper
46.6%
Who's up for a close encounter?Paul
41.2%
Unlock the secretHugo
37.6%
Love is never uglyBeastly
30.1%
Revenge is beautifulColombiana
27.1%
What if your entire life was a lie?Abduction
25.2%
Tagline Movie % Correct
Who are you going with?Prom
24.8%
Take back your lifeUnknown
23.7%
Don't talk to anyone. Don't touch anyone.Contagion
22.1%
Fight for familyWarrior
18.9%
Adapt or dieHanna
18.5%
Join the party!Rio
16.3%
The Gods need a hero Immortals
15.8%
The war is eternal. His mission is just beginningPriest
15.1%
Candy, Chicks, and Rock 'n' RollHop
14.6%
This is our timeFootloose
9.9%
What's in that picture?Insidious
8.4%
The only way out is down Sanctum
4.7%
Honor begins at homeCourageous
2.3%

You're not logged in!

Compare scores with friends on all Sporcle quizzes.
Join for Free
OR
Log In

You Might Also Like...

Show Comments

Extras

Top Quizzes Today


Score Distribution

Your Account Isn't Verified!

In order to create a playlist on Sporcle, you need to verify the email address you used during registration. Go to your Sporcle Settings to finish the process.

Report this User

Report this user for behavior that violates our Community Guidelines.

Details: